000 00813nam a22002175i 4500
001 53570
003 ES-MaACL
005 20250902221750.0
007 t|
008 960628s1857 sp a ||||1| spa d
040 _aCAM
_bspa
_cCAM
100 1 _aFairbairn, William.
_948646
245 1 0 _aInvestigaciones esperimentales sobre la aplicacion del hierro fundido y forjado a las construcciones /
_cobra escrita por William Fairbairn; traducida del inglés por Eduardo Saavedra.
260 _aMadrid :
_b[s.n.],
_c1857 (
_fImprenta de José C. de la Peña)
300 _a363 p., [7] h. de lám. ;
_c23 cm.
650 7 _aEstructuras metálicas
_2embne
_9156036
700 1 _aSaavedra, Eduardo,
_d1829-1912
_9101132
852 _aES-MaACL
_jG-9775
852 _aES-MaACL
_jG-11856
999 _c53570
_d53570